Οι πρώτες 365 ημέρες στη ζωή ενός παιδιού : η ανάπτυξη του βρέφους

Αποθηκεύτηκε σε:
Λεπτομέρειες βιβλιογραφικής εγγραφής
Άλλοι συγγραφείς: Hellbruegge, Theodor (Επιμελητής έκδοσης), Καφάση-Πραματευτάκη, Βάγια (trlf), Wimpffen, J. Hermann von (Επιμελητής έκδοσης)
Μορφή: Βιβλίο
Γλώσσα:Greek
German
Δημοσίευση: Αθήνα : Νότος, [1960?].
Θέματα:
Ετικέτες: Προσθήκη ετικέτας
Δεν υπάρχουν, Καταχωρήστε ετικέτα πρώτοι!

MARC

LEADER 00000cam a2200000 i 4500
001 1/84964
008 960701q19601990gr | ||| |||| ||gre||
035 |a 1986  |c Αγορά  |l 10034576 
040 |a GR-MyUa  |b gre  |e AACR2 
041 1 |a gre  |h ger 
082 7 |a 155.422   |2 (22) 
245 0 3 |a Οι πρώτες 365 ημέρες στη ζωή ενός παιδιού :   |b η ανάπτυξη του βρέφους /   |c επιμέλεια: Theodor Hellbruegge, J. Herman Von Wimpffen ; μετάφραση: Βάγια Καφάση. 
260 |a Αθήνα :   |b Νότος,   |c [1960?].  
300 |a 222 σ. :   |b εικ. ;   |c 22 εκ.  
500 |a Τίτλος πρωτοτύπου: Die ersten 365 tage im leben eines kind: die entwicklung des sauglings.  
650 0 |a Child development. 
650 0 |a Child psychology. 
650 0 |a Children  |x Growth. 
650 0 |a Developmental psychology. 
700 1 |a Hellbruegge, Theodor,  |e edt 
700 1 |a Καφάση-Πραματευτάκη, Βάγια,  |e trlf 
700 1 |a Wimpffen, J. Hermann von,  |e edt 
852 |a INST  |b RHODES  |e 19960701  |h 155.422 ΠΡΩ  |p 005400022095  |q 005400022095  |t BK  |y 0 
970 |z 1986-07